|
|
|
|
| LEADER |
00000nam a2200000 a 4500 |
| 001 |
vtls011612584 |
| 003 |
SK-MaSNL |
| 005 |
20260302054057.0 |
| 008 |
240313s2015 xo oa e np 000 0 slo |
| 015 |
|
|
|a SNBA2017/03
|
| 020 |
|
|
|a 9788055809878
|q (brož.)
|
| 035 |
|
|
|a urn:nbn:sk:snk-am00cxyv
|
| 035 |
|
|
|a urn:nbn:sk:snk-am3heyv
|
| 035 |
|
|
|a 98B006CA-9655-4FA2-A38A-64DBE89CDC90
|
| 040 |
|
|
|a SNK
|b slo
|c SNK
|e AACR2
|
| 041 |
0 |
|
|a slo
|
| 044 |
|
|
|a xo
|c SK
|
| 072 |
|
7 |
|a 549
|x Mineralógia
|2 konspekt
|
| 080 |
|
|
|a 549.091
|2 2011
|
| 080 |
|
|
|a (075.8)
|2 2011
|
| 100 |
1 |
|
|a Illášová, Ľudmila,
|d 1952-
|4 aut
|9 8808
|
| 245 |
1 |
0 |
|a Gemológia 1
|b všeobecná gemológia
|c Ľudmila Illášová
|
| 246 |
3 |
0 |
|a Všeobecná gemológia
|
| 260 |
|
|
|a Nitra
|b Univerzita Konštantína Filozofa v Nitre, Fakulta prírodných vied
|c 2015
|
| 300 |
|
|
|a 143 s.
|b fotogr., ilustr., tab.
|c 26 cm
|e 1 CD-ROM
|
| 366 |
|
|
|e 100 výtlačkov
|
| 490 |
1 |
|
|a Prírodovedec
|v 629
|
| 504 |
|
|
|a Bibliografia na strane 136-140 ; zoznam obrázkov a tabuliek
|
| 650 |
0 |
7 |
|a gemológia
|2 SNKPH
|9 69827
|
| 650 |
0 |
7 |
|a Gemmology
|2 SNKPHeng
|9 444624
|
| 655 |
|
7 |
|a učebnice vysokých škôl
|2 SNKPH
|9 70191
|
| 655 |
|
7 |
|a Textbooks (higher)
|2 SNKPHeng
|9 276436
|
| 830 |
|
0 |
|a Prírodovedec
|9 266401
|
| 852 |
|
|
|a Štátna vedecká knižnica v Banskej Bystrici
|
| 919 |
|
|
|a 978-80-558-0987-8
|
| 958 |
|
|
|a NB
|
| 999 |
|
|
|c 1111985
|d 1113915
|
| 952 |
|
|
|a SNK
|b SNK
|y PREZ
|7 0
|p 17A1253555
|o snkSB 91245
|i snk2017/4632
|8 0
|0 0
|1 0
|4 0
|d 2017-02-20
|f 1
|l 0
|r 2025-05-14 00:00:00
|w 2026-02-24
|
| 952 |
|
|
|a SNK
|b SNK
|y NEVYP
|7 1
|p 17A1253557
|o snkSB 91245 D1
|i snk2017/4633
|8 0
|0 0
|1 0
|4 0
|d 2017-02-20
|l 0
|r 2026-02-24 18:04:28
|w 2026-02-24
|
| 952 |
|
|
|a SNK
|b SNK
|y PREZ
|7 0
|p 17A1253556
|o snkSB 91245/príl.
|i snk2017/4632
|8 0
|3 príl. CD-R
|0 0
|1 0
|4 0
|d 2017-02-20
|f 2
|l 0
|r 2025-05-14 00:00:00
|w 2026-02-24
|
| 952 |
|
|
|a SNK
|b SNK
|y PREZ
|7 0
|p 17A1253558
|o snkSB 91245/príl. D1
|i snk2017/4633
|8 0
|3 príl. CD-R
|0 0
|1 0
|4 0
|d 2017-02-20
|l 0
|r 2026-02-24 18:04:28
|w 2026-02-24
|